• 首页
  • 本馆介绍
  • 公告通知
  • 最新文献
  • 馆藏检索
  • 电子资源
  • 读者导购
  • 参考咨询
  • 我的图书馆
  • 登录
  • 详细信息显示
  • 放入我的书架
  • 预约/预借图书
  • 作者相关作品
  • 分类相关作品
  • 丛书相关作品
  • 出版社相关作品

书目信息

  • 表格格式
  • 工作单格式
  • 卡片格式
题名:
文史资料选辑
    
 
作者: ;中国人民政治协商会议全国委员会文史资料研究委员会 编
分册: 第十二辑  
出版信息: 北京   中华书局  1960
页数: 164页
开本: 20cm
丛书名:
单 册:
中图分类: K250.6 , K206
科图分类:
主题词: 文史资料--中国 , 中国--通史
电子资源:
ISBN:
000 00816nam0 2200253 450
001 1532398048
005 20150123094424.07
010    @dCNY0.55
091    @a11018.252
100    @a19980511d1960 em y0chiy0110 ea
101 0  @achi
102    @aCN@b110000
105    @ay z 000yy
200 1  @a文史资料选辑@Awen shi zi liao xuan ji@h第十二辑@f中国人民政治协商会议全国委员会文史资料研究委员会编
210    @a北京@c中华书局@d1960
215    @a164页@d20cm
300    @a内部发行
606 0  @a文史资料@y中国
606 0  @a中国@x通史
690    @aK250.6@v3
690    @aK206@v4
711 02 @a中国人民政治协商会议全国委员会文史资料研究委员会@Azhong guo ren min zheng zhi xie shang hui yi quan guo wei yuan hui wen shi zi liao yan jiu wei yuan hui@4编
801  0 @aCN@bNLC@c20101222
905    @aZUCC@dK206@eJY4:12
    
    文史资料选辑.第十二辑/中国人民政治协商会议全国委员会文史资料研究委员会编.-北京:中华书局,1960
    164页;20cm
    内部发行
    
    ISBN :CNY0.55
    
●
相关链接 在E读中查询图书 在五车中查询图书 在当当中查询图书 在豆瓣中查询图书


正题名:文史资料选辑     索取号:K206/JY4:12         预约/预借

序号 登录号 条形码 馆藏地/架位号 状态 备注
1 7844382   278443828   学院路分馆/ [索取号:K206/JY4:12] 在馆    
2 7847366   278473661   学院路分馆/ [索取号:K206/JY4:12] 在馆    
唐山师范学院图书馆 欢迎您!
大连网信软件有限公司© 版权所有